000
00225nam a2200097Ia 4500
008
190216s9999||||xx |||||||||||||| ||und||
100
_a
Kumar Chaterjee
245
0
_a
Dravidam
260
_b
Kerala Basha Inst
942
_c
BK
999
_c
38923
_d
38923